Music Quiz

Random Music or Song Quiz

'00s Song Title Match Up Quiz Stats

 Plays Quiz Updated Nov 5, 2017

Score 0/24 Timer 04:00
33 Plays Today
% Correct
Oops!... I
97.2%
I Kissed
97%
Cry Me
96.9%
Viva
96.9%
Poker
96.5%
Hips Don't
96.3%
Since U
96%
Boulevard of
96%
Can't Get You
95.5%
Single
94.6%
The Real
93.7%
How to
93.2%
% Correct
Crazy
93.2%
Empire State
92.6%
Hollaback
92.1%
Teardrops on My
91.7%
Ms.
91.5%
The Man Who Can't
90.9%
How You
90.7%
Back to
90.6%
Hot In
89.5%
Mr.
88.6%
Chasing
86%
A Few Words In
85.8%

You're not logged in!

Compare scores with friends on all Sporcle quizzes.
OR
Log In

You Might Also Like...

Show Comments

Extras

Top Quizzes Today


Score Distribution

Your Account Isn't Verified!

In order to create a playlist on Sporcle, you need to verify the email address you used during registration. Go to your Sporcle Settings to finish the process.

Report this User

Report this user for behavior that violates our Community Guidelines.

Details: